Keravan kaupunginosat kartalla - Statistics

Yleistilastot
  • Tätä visaa on pelattu 143 kertaa
  • Keskiarvotulos 7 / 10
Vastaukset kartalla
Vastauksille on annettu kartalla punavihreä väri sen mukaan, kuinka moni on saanut sen oikein.
 
Vastaustilastot
Vastaus % Oikein
Keskusta
88%
Savio
88%
Alikerava
82%
Ahjo
79%
Ylikerava
78%
Kaleva
76%
Sompio
71%
Kilta
58%
Kaskela
44%
Jokivarsi
35%
Ehtoja vastaavia visoja ei löytynyt
Tulosjakauma
Jokaisen tuloksen saaneiden osuus
Persentiili vastausten määrän mukaan
Tuloshistoriasi
Et ole pelannut tätä visaa